00799nam a22002537a 450000500170000001000130001702000220003003500130005203700160006504000120008108200130009310000290010624500530013526000360018827000280022430000260025249000250027850000200030365000330032365000230035694200220037999900190040195201250042020170124110257.0 aA-248677 c00.00a0863072747 aA-248677 bCen Lib/Ret aDPLbEN a635bHUN aHunt, P. Francis9142221 aGarden planning and design /cby P. Francis Hunt aMiddlesexbAura Editions c1985 bMiddlesexa2 Derby Road a72p.:c28cm(Hb)bill. aGarden colour series aincludes index  aGreenhouse gardening.995597 aGreenhouse9142222 2ddccENh635mHUN c136331d136331 001040718REFaLbLd2016-03-26eCen Lib/Retg0.00l0o635 HUNpA-248677r2016-03-26 00:00:00t1v0.00w2016-03-26yEN